000 00366nam a2200157Ia 4500
001 463
003 NUMERAZIONE-ORIGINALE-BRESCIA
005 20260206230753.0
008 260206s9999 xx 000 0 und d
100 _aLanzetta Peppe
245 0 _aFigli di un Bronx minore
260 _aMilano
260 _bFeltrinelli
260 _c1993
942 _2ddc
_cBK
_n0
999 _c24249
_d24249